| 000 | 00000nam##2200000za#4500 |
| 001 | 9.663034 |
| 003 | CaOODSP |
| 005 | 20200401083134 |
| 007 | ta |
| 008 | 150407|2001||||xxc||||| f|0| 0 fre|d |
| 020 | |a0-662-66192-3 |
| 040 | |aCaOODSP|bfre |
| 041 | |aeng |
| 041 | |afre |
| 043 | |an-cn--- |
| 086 | 1 |aH39-586/2001 |
| 110 | 1 |aCanada.|bSanté Canada. |bDirection générale de la santé de la population et de la santé publique. |
| 245 | 10|aRapport sommaire: examen des facteurs de risque de cancer du sein liés au style de vie et à l'environnement / |cPréparé par le Groupe de travail sur la prévention primaire du cancer du sein. |
| 260 | |aOttawa - Ontario : |bSanté Canada. |c2001. |
| 300 | |aTexte français, 43p. : |bgraphiques, références, tableaux ; |c28 cm. |
| 500 | |a«Le présent rapport est composé des résumés de 11 recensions d'écrits réalisées par les membres du Groupe de travail sur la prévention primaire du cancer du sein de l'Initiative canadienne sur le cancer du sein.»--Page 1. |
| 520 | 3 |aLe présent rapport est composé des résumés de 11 recensions d'écrits réalisées par les membres du Groupe de travail sur la prévention primaire du cancer du sein de l'Initiative canadienne sur le cancer du sein.--Page 1 |
| 546 | |aBilingue |
| 563 | |aReliure à spirale |
| 590 | |a01-46|b2001-11-16 |
| 691 | 07|aÉpidémiologie|2gcpds |
| 691 | 07|aMode de vie|2gcpds |
| 691 | 07|aEnvironnement|2gcpds |
| 691 | 07|aCancer du sein|2gcpds |
| 776 | 0#|tSummary report : |w(CaOODSP)9.695870 |
| 791 | |tSummary report: review of lifestyle and environmental risk factors for breast cancer / |eeng|w(CaOODSP)9.663033 |